| 000 | 00788nmm a2200265 a 4500 | ||
|---|---|---|---|
| 003 | AR-BaBNM | ||
| 005 | 20251128203149.0 | ||
| 008 | 117019s1962 ||||||||||||||000 | spa|| | ||
| 040 | _cAR-BaBNM | ||
| 100 | 1 |
_aIriarte, Tomás de _d1794-1876 |
|
| 245 | 1 | 0 |
_aMemorias del General Iriarte _btextos fundamentales. 2 |
| 260 |
_aBuenos Aires _bCompañía General Fabril _c1962 |
||
| 300 | 0 |
_a374 p. _bil., láms. |
|
| 650 | 4 | _aROSAS Y SU TIEMPO | |
| 650 | 4 | _aCAUDILLOS ARGENTINOS | |
| 650 | 4 | _aREACCIONES CONTRA ROSAS | |
| 650 | 4 | _aHISTORIA POLITICA | |
| 650 | 4 | _aHISTORIA SOCIAL | |
| 650 | 4 | _aHISTORIA DE LAS RELACIONES INTERNACIONALES | |
| 650 | 4 | _aMISIONES DIPLOMATICAS | |
| 655 | _aBIOGRAFIAS | ||
| 700 | 1 |
_aGandía, Enrique de _ecompilador |
|
| 942 | _cBK | ||
| 998 | _cmariana | ||
| 999 |
_c2187 _d2187 |
||